000 00628nam a2200229Ia 4500
003 OSt
005 20220925222755.0
006 a|||||r|||| 00| 0
007 ta
008 220923b |||||||| |||| 00| 0 eng d
020 _a0745609570
037 _cGeneral Book
040 _aRTL
_cRTL
_beng
041 _2eng
_aeng
082 _aY, N2
100 _aGiddens Anthony Ed.
_931709
245 0 _aHuman societies
_b An introductory reader in sociology
260 _aLondon
_bPolity Press
_c1992
300 _axii,388p
_ccm.
942 _hY, N2
_cGB
_2CC
999 _c577749
_d577749